Fratelli di odio : romanzo /

Saved in:
Bibliografiske detaljer
Hovedforfatter: Bogarde, Dirk (Author)
Andre forfattere: Paolini, Pier Francesco, (1949- )
Format: Bog
Sprog:italiensk
Udgivet: Milano : TEA, 1995
Serier:TEAdue ; 339
Tags: Tilføj Tag
Ingen Tags, Vær først til at tagge denne postø!

MARC

LEADER 00000nam a22000007i 4500
001 IT\ICCU\RAV\0304183
003 ItRI
005 20260115231931.0
008 971030s1995 it |||||| ||||| |||||c
020 |a 8878197610 
040 |b ita  |c importazione bologna sebina 
041 7 |a ita  |2 ISO-639-2 
082 |a 823.9  |9 NARRATIVA INGLESE. 1900-  |2 20 
100 1 |a Bogarde, Dirk  |0 IT\ICCU\LO1V\131252  |4 aut 
240 1 0 |a Jericho  |3 IT\ICCU\UBO\4824534  |9 Bogarde, Dirk 
245 1 0 |a Fratelli di odio :  |b romanzo /  |c Dirk Bogarde ; traduzione di Pier Francesco Paolini. 
260 |a Milano :  |b TEA,  |c 1995 
300 |a 286 p. ;  |c 20 cm. 
700 1 |a Paolini, Pier Francesco,  |d  (1949- )  |0 IT\ICCU\CFIV\007622 
790 1 |a Bogaerde, Derek Niven : van den  |3 IT\ICCU\UBOV\315375  |z Bogarde, Dirk 
790 1 |a Paolini, Pierfrancesco  |3 IT\ICCU\CFIV\168659  |z Paolini, Pier Francesco (1949- ) 
830 0 |a TEAdue ;  |v 339  |0 IT\ICCU\CFI\0134828 
942 |2 ddc  |c BK  |n 0 
952 |0 0  |1 0  |4 0  |6 DOC_823_912000000000000_BOG  |7 0  |9 17039  |a BO  |b BO  |d 2026-01-15  |i 17284  |l 0  |o DOC 823.912 BOG  |p BO17284  |r 2026-01-15 23:19:31  |w 2026-01-15  |x [Sebina 5] [1 v.]  |y BK  |z 1 v. 
999 |c 14553  |d 14553